000 00521nam a22001817a 4500
005 20251108164035.0
008 250721s9999 xx 000 0 ara d
082 1 4 _a320.956/بره
100 1 _aبرهوم، محمود
245 1 0 _aنافذه على أزمة الخليج :
_bخفايا و حقائق /
264 _c[19-].
300 _a176ص
650 1 7 _aالبلدان العربية
650 1 7 _aالأحوال السياسية
650 1 7 _aأزمة الخليج 1991
942 _2ddc
_cBK
999 _c2089
_d2089